[Event "9th HDBank Open 2019"]
[Site "Ho Chi Minh City"]
[Date "2019.03.12"]
[Round "8.19"]
[White "Le, Quang Long"]
[Black "Xu, Minghui"]
[Result "0-1"]
[WhiteElo "2412"]
[BlackElo "2293"]
[Annotator "TA"]
[PlyCount "133"]
[EventDate "2019.03.07"]
[EventType "swiss"]
[EventCountry "VIE"]
[SourceTitle "playchess.com"]
[Source "ChessBase"]
[SourceQuality "1"]

{[%evp 11,133,13,10,2,0,-17,-13,-41,-8,-70,0,0,24,20,20,-5,-5,-32,4,-32,-30,-15,-28,-175,-159,-229,-229,-214,-225,-225,-225,-225,-214,-243,-217,-265,-287,-381,-349,-361,-332,-336,-331,-483,-339,-555,-555,-555,-528,-535,-534,-506,-114,-102,-95,-164,-160,-151,-103,-163,-163,-164,-164,-163,-138,-147,-123,-146,-85,-85,-93,-144,-149,-186,-186,-196,-195,-240,-239,-239,-196,-239,-239,-272,-247,-264,-192,-175,-160,-247,-247,-247,-247,-247,-247,-247,-247,-262,-247,-247,-247,-247,-247,-247,-247,-441,-402,-441,-441,-440,-402,-440,-418,-504,-497,-504,-503,-504,-477,-29994,-29995,-29997,-29998,-29998]} 1. c4 c5 2. Nf3 Nc6 3. Nc3 g6 4. e3 Nf6 5. d4 cxd4 6. Nxd4 Bg7 7. Nc2 {A35: Symmetrical English: 2 Nc3 Nc6 3 Nf3} (7. g3 Nxd4 8. Qxd4 O-O 9. Bg2 d6 10. O-O Be6 11. Qd3 Rc8 12. Nd5 Nxd5 13. cxd5 Bd7 14. e4 Qa5 {0-1 (50) Ortiz Suarez,I (2527)-Sebenik,M (2570) Batumi 2018}) 7... d6 8. e4 Nd7 $146 ({Predecessor:} 8... O-O 9. Be2 Nd7 10. h4 h5 11. g4 hxg4 12. Bxg4 Nce5 13. Be2 Nb6 14. Ne3 Be6 {½-½ (59) Londyn,R (2344)-Kyas,J (2205) Germany 2013}) 9. Bd2 {The position is equal.} O-O 10. h4 (10. Be2 $11) 10... h5 (10... Nc5 $15 11. f3 Be6) 11. Be2 $11 Nf6 12. f3 Be6 13. Be3 Rc8 14. Qd2 a6 15. Rc1 Ne5 16. b3 {[#]} b5 $1 {[%mdl 512]} 17. cxb5 {[#]} (17. Nd4 $11 {and White has nothing to worry.}) 17... Rxc3 $1 $19 {[%mdl 512]} 18. Qxc3 (18. Bd4 $17 Rc8 19. bxa6) 18... Nxe4 $1 19. Qb4 Nd3+ (19... Nxf3+ 20. Kf1 $17) 20. Bxd3 Bc3+ 21. Qxc3 Nxc3 22. bxa6 Qa5 (22... Nxa2 23. Ra1) 23. O-O Bf5 $1 {[%cal Rf5d3]} (23... Nxa2 24. b4 $15) (23... Qxa2 24. Nd4 $11) 24. b4 Qa4 25. Bxf5 {Threatens to win with Bd3.} Ne2+ (25... gxf5 26. Nd4 $15) 26. Kh2 {Hoping for Bd3.} Nxc1 ({Not} 26... gxf5 27. Rce1 $19) 27. Be4 (27. Rxc1 $142 gxf5 28. a7) 27... d5 28. Bxd5 $2 (28. a7 dxe4 29. Rxc1) 28... Qxc2 29. Rxc1 Qd3 30. Bh6 Qxd5 31. Bxf8 {[%mdl 4096] Endgame KQ-KRB} Qd7 $2 (31... Kxf8 $19 {is more deadly.} 32. Kh1 (32. Rc8+ $2 Kg7 $19) 32... Qxa2) 32. Bh6 $17 Qd6+ {[%mdl 64] Double Attack} 33. Kh3 (33. Kh1 $17 {was necessary.} Qxa6 34. Be3) 33... Qxa6 $19 34. Re1 e6 35. Bf4 (35. Re5 $17) 35... Qxa2 36. Be5 Qd5 37. Kg3 Qb5 38. Bc3 Qc4 39. Re3 Kf8 (39... f5 $142 40. Be5 Qxb4) 40. Bf6 $17 {With the idea Rc3.} Ke8 $1 41. Re4 {[#]} (41. Rc3 $142 Qb5 42. Ra3) 41... Qc7+ $1 42. f4 {[#] intending Rd4.} Kd7 $1 43. Rd4+ Kc8 44. Be5 Qc2 45. Kh2 Qf5 46. Rc4+ Kb7 47. Rc7+ Kb6 48. Rd7 f6 49. Rf7 Qg4 ({But not} 49... fxe5 $2 50. Rxf5 exf5 51. fxe5 $18) 50. Bxf6 (50. Rxf6 $17 {keeps fighting.} Qxh4+ 51. Kg1) 50... Qxf4+ $19 {[%mdl 64] Double Attack} 51. Kh1 Kc6 52. Rf8 Qxb4 53. Rc8+ Kd5 54. Rc1 Ke4 55. Rf1 Kd3 56. Bg5 e5 57. Rf3+ Kd4 58. Rf6 $2 (58. Kg1) 58... e4 59. Re6 Kd3 60. Kh2 Qb5 61. Re7 Qf5 62. Ra7 Qe5+ 63. Kh1 Ke2 64. Ra2+ Kf1 {( -> ...Qd4)} 65. Ra3 (65. Ra7 $19) 65... Qb2 {[%csl Gf1][%cal Rb2g2]} 66. Rg3 Qf2 {[%csl Gf1][%cal Rf2g1]} 67. Kh2 {Accuracy: White = 34%, Black = 73%.} 0-1

[Event "9th HDBank Open 2019"]
[Site "Ho Chi Minh City"]
[Date "2019.03.12"]
[Round "8.20"]
[White "Cheparinov, Ivan"]
[Black "Nguyen, Dang Hong Phuc"]
[Result "1-0"]
[WhiteElo "2683"]
[BlackElo "2376"]
[Annotator "TA"]
[PlyCount "95"]
[EventDate "2019.03.07"]
[EventType "swiss"]
[EventCountry "VIE"]
[SourceTitle "playchess.com"]
[Source "ChessBase"]
[SourceQuality "1"]

{[%evp 13,95,36,41,17,50,48,82,18,21,21,40,9,12,0,0,0,0,9,4,6,14,14,14,0,0,0,0,0,4,7,42,6,3,3,0,0,38,32,33,20,72,41,128,45,41,27,191,187,188,190,207,200,164,159,141,162,156,120,179,93,92,78,102,93,96,89,154,102,120,0,166,166,142,153,143,136,189,176,504,483,29987,29988,29998,29999]} 1. e4 e6 2. d4 d5 3. Nc3 dxe4 4. Nxe4 Nd7 5. Nf3 Ngf6 6. Nxf6+ Nxf6 7. c3 c5 {LiveBook: 363 Games} 8. Bf4 {C10: French with 3 Nc3: Unusual Black 3rd moves and 3...dxe4} (8. Ne5 a6 9. Be3 cxd4 10. Bxd4 Qc7 11. Bd3 Bc5 12. Qa4+ Nd7 13. Bxc5 Qxc5 14. Nf3 b5 15. Qh4 Bb7 16. O-O-O {½-½ (34) Vachier Lagrave,M (2780)-Meier,G (2623) chess.com INT 2019}) 8... a6 9. Be2 Bd6 $146 ({Predecessor:} 9... cxd4 10. Qxd4 Qxd4 11. Nxd4 Bd7 12. Bf3 O-O-O 13. O-O-O Bc5 14. Bg3 Bb6 {½-½ (65) Eliseev,A (2421)-Maslak,K (2548) Peterhof 2007}) 10. Ne5 ({White should play} 10. dxc5 $1 $16 Bxf4 11. Qa4+ Bd7 12. Qxf4) 10... Qc7 $11 11. O-O Nd7 {[%cal Rd7e5]} 12. Bf3 Nxe5 13. dxe5 Bxe5 14. Qa4+ Bd7 15. Bxe5 Qxe5 16. Qa5 Bc6 17. Bxc6+ bxc6 18. Rfe1 Qf5 19. Rad1 O-O 20. c4 Qg5 21. g3 Rfd8 22. b3 (22. h4 $5 {[%cal Rh4g5]} Qe7 23. Rxd8+ Qxd8 24. Qxc5 $11) 22... h6 23. h4 Qe7 24. Qb6 Rdb8 25. Qxc6 Rc8 26. Qa4 Ra7 (26... Rd8 $11) 27. Rd3 g5 ({Black should try} 27... a5 $14) 28. h5 (28. hxg5 $16 hxg5 29. Rd5) 28... a5 $14 29. Red1 Rcc7 $2 (29... Raa8 $11 {and Black is okay.}) 30. Rd8+ $18 Kg7 31. Qb5 Rcb7 32. Qc6 Rc7 33. Qe4 Qf6 34. a4 $1 Rab7 35. R8d3 Rb8 {[#]} (35... Qf5 $16 36. Qxf5 exf5) 36. Qe2 (36. Rf3 $1 $18 {[%cal Rf3f6]} Qe7 37. Qe5+ Kh7 38. Rf6) 36... Kg8 $16 37. Rf3 Qg7 38. Kg2 Rcb7 39. Qe1 Ra8 (39... Ra7 $142) 40. Qe4 ({Better is} 40. Rd6) 40... Rab8 41. Qe1 Ra8 $1 42. Rdd3 Qb2 43. Rd2 $36 {[%mdl 2048] White is in control.} Qg7 44. Qe3 Rc8 {[#]} (44... Rc7 $16) 45. Rd6 $1 $18 {[%cal Bd2d6,Bd6e6,Be6e8][%mdl 32]} Qb2 $2 {[#]} (45... Re7 {is tougher.} 46. Qe2 Qf8) 46. Rxe6 $1 {[%mdl 512]} Rxb3 (46... Qd4 $18 47. Rxh6 Qxe3 48. Rxe3 Ra7) (46... fxe6 47. Qxe6+) 47. Re8+ ({Less strong is} 47. Qxb3 Qxb3 48. Rxb3 fxe6 $18) 47... Kg7 {[#]} 48. Rxf7+ $1 {[%mdl 512] Precision: White = 58%, Black = 41%.} 1-0

[Event "9th HDBank Open 2019"]
[Site "Ho Chi Minh City"]
[Date "2019.03.12"]
[Round "8.21"]
[White "Chen, Qi B"]
[Black "Tran, Quoc Dung"]
[Result "1-0"]
[WhiteElo "2443"]
[BlackElo "2376"]
[Annotator "TA"]
[PlyCount "175"]
[EventDate "2019.03.07"]
[EventType "swiss"]
[EventCountry "VIE"]
[SourceTitle "playchess.com"]
[Source "ChessBase"]
[SourceQuality "1"]

{[%evp 13,175,35,16,7,35,22,59,74,64,69,70,64,82,73,123,119,127,124,139,173,170,151,155,150,185,182,171,184,195,142,150,154,166,165,160,160,148,125,147,152,162,140,173,108,148,157,202,181,189,163,216,146,153,150,229,150,326,298,489,480,639,616,520,459,460,237,208,163,163,113,110,103,108,95,156,149,163,163,145,122,123,130,218,218,191,197,377,370,369,369,367,304,420,386,387,386,385,383,386,386,379,322,384,233,367,350,359,269,341,338,322,284,340,313,405,405,405,405,405,405,405,405,405,405,358,265,531,405,405,405,369,263,447,441,469,462,504,551,522,514,947,885,916,820,955,933,1219,1206,939,848,772,579,1344,862,791,787,2793,2056,29981,29982,29982,29983,29991,29992]} 1. e4 c5 2. Nf3 d6 3. d4 cxd4 4. Nxd4 Nf6 5. Nc3 a6 6. h3 e5 7. Nde2 b5 8. Ng3 {B90: Sicilian Najdorf: Unusual White 6th moves, 6 Be3 Ng4 and 6 Be3 e5} g6 $146 ({Predecessor:} 8... Nbd7 9. Bg5 h6 10. Be3 Bb7 11. Bd3 h5 12. Bg5 g6 13. O-O Be7 14. a3 h4 15. Nge2 Nc5 16. Bxf6 Bxf6 {1-0 (48) Dominguez Perez,L (2739)-Vachier Lagrave,M (2779) chess.com INT 2018}) 9. Bg5 Be6 10. a4 {White is slightly better.} b4 11. Nd5 Nbd7 12. Nxb4 Qb6 {[#]} 13. c3 $1 h6 14. Bxf6 Nxf6 15. Bd3 Nd7 16. a5 Qb7 17. Qe2 {[%cal Rd3a6]} Nc5 18. Bc4 h5 19. Bd5 Bxd5 20. Nxd5 (20. exd5 $6 f5 $16) 20... h4 21. b4 ({White should try} 21. Nf1 $18) 21... Ne6 $16 22. Nf1 Nf4 23. Nxf4 exf4 24. Nd2 Bg7 25. Ra3 Rc8 26. Qd3 O-O 27. O-O Rfd8 {[#]} 28. Nf3 ({White should play} 28. Re1 $1 $18) 28... d5 29. e5 Rc4 30. Rd1 {Threatens to win with Qxc4!} Qc7 31. e6 (31. Nxh4 Bxe5 32. Nxg6 fxg6 $11) 31... fxe6 (31... Bf6 $142 32. Re1 Kg7) 32. Qxg6 Qf7 33. Qg4 {Hoping for Ne5.} (33. Nxh4 Qxg6 34. Nxg6 Kf7 $15) 33... Qf6 (33... Qf5 $16 {is a better defense.}) 34. Rd4 (34. Nxh4 f3) 34... Rdc8 $2 (34... Qf5 $16 {was necessary.}) 35. Rxc4 Rxc4 $2 (35... dxc4 {was worth a try.} 36. Nd4 Kf7) 36. b5 $18 axb5 37. a6 {[%cal Ba5a6,Ba6a7][%mdl 32] Black must now prevent a7.} Rc8 38. a7 Ra8 39. Ra6 (39. Nd4 $142) 39... Qf5 40. Qxf5 ({Weaker is} 40. Nxh4 Qxg4 41. hxg4 Bxc3 $11) 40... exf5 {[%mdl 4096] Endgame KRB-KRN} 41. Ra5 ({Don't take} 41. Nxh4 $6 d4 $14) 41... Bxc3 42. Rxb5 Rxa7 43. Rxd5 Ra1+ ({Better is} 43... Bf6) 44. Kh2 $16 Ra2 45. Rxf5 Rxf2 46. Kg1 Ra2 47. Rxf4 Ra1+ (47... Ba5 $16) 48. Kh2 $18 Ba5 {Strongly threatening ...Bc7.} 49. Rc4 ({Inferior is} 49. Nxh4 Bc7 $11) 49... Ra3 $2 (49... Rb1 50. Nxh4 Rb7) 50. Nxh4 Bb6 51. Nf3 Kg7 52. h4 Ra5 53. Kh3 Ra3 54. Rg4+ Kh6 55. Rf4 Bc7 56. Rf6+ Kg7 57. Rc6 Bb8 58. Rb6 Ba7 (58... Bc7 $142 59. Re6 Bf4) 59. Rb5 Be3 60. Kg4 Ra4+ 61. Kh5 Ra6 62. Ne5 Rh6+ 63. Kg4 Ra6 64. Kf5 Rf6+ 65. Ke4 Bd2 66. Rb7+ Kg8 67. g3 Be1 68. Rb3 Kg7 69. Re3 Bd2 $2 (69... Rf1 {might work better.} 70. Rb3 Rf8) 70. Rf3 Ra6 71. Rf7+ Kg8 72. Rf1 Ra4+ $2 (72... Kg7 73. Rf7+ Kg8) 73. Kf5 Bc3 74. Rf3 Ba1 75. Re3 Kg7 76. g4 Ra2 (76... Bb2 $142 77. Nc6 Bc1 78. Re7+ Kf8) 77. g5 Bd4 78. Re4 Bc3 79. Nf3 Ra5+ 80. Kg4 Ra2 81. Re7+ Kg8 82. Rc7 Bb4 83. Rc4 Bd6 84. h5 Ra5 85. Rc8+ Kg7 86. h6+ {White mates.} Kh7 87. Rd8 Ra4+ 88. Kh5 {Accuracy: White = 77%, Black = 37%.} 1-0

[Event "9th HDBank Open 2019"]
[Site "Ho Chi Minh City"]
[Date "2019.03.12"]
[Round "8.22"]
[White "Li, Yankai"]
[Black "Divya Deshmukh"]
[Result "1-0"]
[WhiteElo "2434"]
[BlackElo "2266"]
[Annotator "TA"]
[PlyCount "51"]
[EventDate "2019.03.07"]
[EventType "swiss"]
[EventCountry "VIE"]
[SourceTitle "playchess.com"]
[Source "ChessBase"]
[SourceQuality "1"]

{[%evp 13,51,10,33,22,64,29,108,106,145,147,146,153,149,152,156,151,154,105,145,136,138,122,462,462,475,483,478,472,943,925,894,686,691,690,683,689,675,45,674,667]} 1. e4 c5 2. Nf3 d6 3. d4 cxd4 4. Nxd4 Nf6 5. Nc3 a6 6. Bg5 Nbd7 7. Bc4 e6 8. Qe2 {B94: Sicilian Najdorf: 6 Bg5 Nbd7} (8. O-O Qa5 9. f4 Qc5 10. Bb3 e5 11. fxe5 dxe5 12. Qh5 g6 13. Qh4 Be7 14. Bxf6 Nxf6 15. Rxf6 O-O {1-0 (34) Grandelius,N (2653)-Olszewski,M (2551) Germany 2018}) 8... Qc7 9. f4 e5 (9... h6 $11 {keeps the balance.} 10. Bxf6 Nxf6) 10. Nf5 $16 {White is better.} Nb6 {[#]} 11. Bb3 $1 Bxf5 12. exf5 Be7 13. fxe5 $146 ({Predecessor:} 13. O-O-O O-O 14. Rhe1 Rae8 15. fxe5 dxe5 16. Qxe5 {½-½ (42) Holinka,H (2107)-Foerster,A (2206) Hamburg 2017}) 13... dxe5 14. O-O-O O-O 15. Rhe1 Rfe8 16. Bxf6 Bxf6 17. Ne4 Qe7 $2 {[%mdl 8192]} (17... Rad8 $16 {is tougher.}) 18. Rd6 $18 Nc8 19. Nxf6+ gxf6 20. Rd3 Nd6 (20... Kh8 $142 21. Qh5 Rg8) 21. Qh5 {Rg3+ would kill now.} ({Weaker is} 21. Qg4+ Kh8 $16) 21... Qf8 22. Red1 ({Not} 22. Rxd6 Qxd6 23. Bxf7+ Kf8 $18) 22... Red8 23. Rh3 {[%csl Gh3][%cal Rh5h7]} h6 24. Qg6+ {[%mdl 64] [#] Double Attack} Qg7 25. Qxg7+ Kxg7 26. Rhd3 {Accuracy: White = 74%, Black = 32%.} 1-0

[Event "9th HDBank Open 2019"]
[Site "Ho Chi Minh City"]
[Date "2019.03.12"]
[Round "8.23"]
[White "Laylo, Darwin"]
[Black "Fenil, Shah"]
[Result "1/2-1/2"]
[WhiteElo "2430"]
[BlackElo "2360"]
[Annotator "TA"]
[PlyCount "92"]
[EventDate "2019.03.07"]
[EventType "swiss"]
[EventCountry "VIE"]
[SourceTitle "playchess.com"]
[Source "ChessBase"]
[SourceQuality "1"]

{[%evp 20,92,18,13,42,25,29,34,41,41,41,39,33,22,65,22,22,31,36,18,27,29,43,0,0,0,0,0,0,0,0,0,5,5,5,5,5,5,6,5,5,5,5,5,8,8,8,8,8,8,8,0,0,0,0,0,0,0,0,0,0,0,0,0,0,0,0,0,0,0,0,0,0,0,0]} 1. c4 e6 2. Nf3 d5 3. d4 c6 4. e3 Bd6 5. Bd3 f5 6. b3 Nf6 7. O-O Qe7 8. Bb2 O-O 9. Qc1 b6 {A84: Dutch Defence: 2 c4 Miscellaneous} 10. Ba3 c5 11. Nc3 {LiveBook: 6 Games} (11. dxc5 bxc5 12. cxd5 Nxd5 13. Nc3 Nd7 14. Nb5 Bb8 15. Be2 Bb7 16. Rd1 a6 17. Nc3 Bd6 18. Bb2 Rad8 19. Nxd5 {0-1 (19) Yakubboev,N (2556)-Tomashevsky,E (2705) St Petersburg 2018}) 11... Nbd7 {[%cal Bb8d7,Bd7f6,Bf6e4][%mdl 32]} 12. cxd5 Nxd5 13. Nxd5 exd5 14. Qc2 g6 15. Bb5 {Black must now prevent Bc6.} Nf6 16. Rac1 $146 {[%cal Rd4c5]} ({Predecessor:} 16. dxc5 bxc5 {½-½ (31) Gagarin,V (2417)-Goriatchkin,J (2311) Moscow 2012}) 16... Ne4 17. Bc6 Bb7 18. Bxb7 Qxb7 19. dxc5 bxc5 20. Nd2 Rac8 21. Nxe4 fxe4 {The position is equal.} 22. Qc3 Rf5 23. f4 exf3 24. Rxf3 Rxf3 25. gxf3 Bf8 26. Bb2 {[#] Threatens to win with Qh8+.} Bg7 27. Qxg7+ Qxg7 28. Bxg7 Kxg7 $11 {[%mdl 4096] Endgame KR-KR} 29. e4 dxe4 30. fxe4 Kf6 31. Kf2 Re8 32. Rc4 Re5 33. Ra4 Rh5 34. Kg3 Ke5 35. h4 g5 36. hxg5 Rxg5+ 37. Kf3 Rh5 38. Rxa7 Rh3+ 39. Kg4 Rh2 40. Kg3 Rc2 41. Re7+ Kd6 42. Rxh7 {And now Ra7 would win.} (42. Re8 {feels hotter.} Rxa2 43. Rd8+ Ke5 44. Kf3 Ke6 45. Rd5) 42... Rxa2 43. Kf4 Rf2+ 44. Ke3 Rb2 45. Rh6+ Kc7 46. Kd3 {next Kc4 is good for White.} Rxb3+ {Precision: White = 70%, Black = 83%.} 1/2-1/2

[Event "9th HDBank Open 2019"]
[Site "Ho Chi Minh City"]
[Date "2019.03.12"]
[Round "8.25"]
[White "Gomes, Mary Ann"]
[Black "Dimakiling, Oliver"]
[Result "1/2-1/2"]
[WhiteElo "2312"]
[BlackElo "2423"]
[Annotator "TA"]
[PlyCount "94"]
[EventDate "2019.03.07"]
[EventType "swiss"]
[EventCountry "VIE"]
[SourceTitle "playchess.com"]
[Source "ChessBase"]
[SourceQuality "1"]

{[%evp 9,94,40,42,39,37,35,70,57,52,31,30,34,36,12,25,29,24,24,49,16,26,29,27,27,29,29,67,80,72,34,112,121,119,109,118,109,111,105,102,102,108,114,120,114,104,120,114,113,153,134,240,247,247,247,243,235,230,242,344,337,306,331,352,163,329,322,319,100,531,525,516,532,2529,59,60,0,0,0,0,0,0,0,0,0,0,0,0]} 1. Nf3 Nf6 2. c4 b6 3. g3 Ba6 (3... Bb7 4. Bg2 g6 5. O-O c5 6. e3 Bg7 7. d4 O-O 8. Nc3 Ne4 9. Ne2 Nc6 10. Nf4 e6 11. Re1 f5 12. d5 exd5 13. Nxd5 Ne7 14. Nf4 Qc7 15. a4 g5 16. Nh5 g4 {0-1 (29) Svidler,P (2737)-Andreikin,D (2719) St Petersburg 2018}) 4. b3 c6 5. Bg2 d5 6. d3 {A15: English Opening: 1...Nf6} Nbd7 7. Bb2 g6 $146 ({Predecessor:} 7... Qc7 8. Nc3 e5 9. cxd5 cxd5 10. Rc1 Qd6 11. O-O g6 12. Nb1 {1-0 (26) Karatorossian,D (2250)-Mashalov,A (1636) Yerevan 2017}) 8. O-O {White is slightly better.} Bg7 9. Nbd2 O-O 10. b4 Re8 11. Ne5 Bb7 12. Qc2 Nxe5 13. Bxe5 Bh6 14. Nb3 Ng4 15. Bc3 e5 16. h3 $36 {[%mdl 2048] White is more active.} Nf6 17. a4 e4 18. Qb2 Nh5 19. dxe4 dxe4 (19... dxc4 $14 20. Rad1 Qc7) 20. e3 $1 $16 {g4 is the strong threat.} Bf8 21. Rfd1 Qc7 22. c5 Ba6 23. cxb6 axb6 24. a5 Bd3 25. axb6 Qxb6 {[#]} 26. Rxa8 $1 Rxa8 27. Nc1 Bc4 28. Bxe4 Ng7 29. Nb3 h5 (29... Ne6 $16 30. Bg2 Bd5) 30. Na5 $18 Bd5 31. Bxd5 cxd5 32. Rxd5 Qe6 33. Qd2 Qxh3 {[#]} (33... Rc8 {is a better defense.}) 34. Qd4 $1 Rc8 {[#]} 35. Rc5 $1 {[%mdl 512]} Re8 (35... Bxc5 36. Qxg7#) 36. Nc4 (36. b5 $142) 36... h4 $2 (36... Qg4) 37. gxh4 f6 38. Qxf6 $2 (38. Rc6 $18 {and White stays clearly on top.} Be7 39. Qd5+ Kh7 40. Qg2 (40. Bxf6 Rd8 $15) 40... Qxh4 41. b5) 38... Qg4+ $2 {[%mdl 8192]} (38... Re4 $16 39. Ne5 Rxh4 40. Qf7+ Kh7 41. Qxg6+ Kg8) 39. Kh2 {White threatens Rc7 and mate.} Re6 40. Ne5 Bd6 41. Qd8+ $2 (41. Rc8+ $18 Kh7 42. Qf7 Qxh4+ 43. Kg2 Bxe5 44. Qg8+ Kh6 45. Bxe5 Qg5+ 46. Kf1) 41... Kh7 $1 $14 42. Rd5 ({White should play} 42. Qg5 $14 Qe4 43. Kg1 Bxc5 44. bxc5 Qb1+ 45. Kg2 Qe4+ 46. Kg1 Qb1+ 47. Kg2 Qe4+ 48. Kg1) 42... Qf3 $1 $11 {[%cal Rf3f2][%mdl 64] Double Attack. The position is equal.} 43. Rxd6 Qxf2+ 44. Kh1 Qf1+ 45. Kh2 {Hoping for Rd2.} Qf2+ {[%mdl 64] Double Attack} 46. Kh1 {And now Rd2 would win.} Qf1+ 47. Kh2 {aiming for Rd2.} Qf2+ {[%mdl 64] Double Attack. Accuracy: White = 66%, Black = 34%.} 1/2-1/2

[Event "9th HDBank Open 2019"]
[Site "Ho Chi Minh City"]
[Date "2019.03.12"]
[Round "8.26"]
[White "Quizon, Daniel"]
[Black "Raja, Rithvik R"]
[Result "1-0"]
[WhiteElo "2268"]
[BlackElo "2423"]
[Annotator "TA"]
[PlyCount "71"]
[EventDate "2019.03.07"]
[EventType "swiss"]
[EventCountry "VIE"]
[SourceTitle "playchess.com"]
[Source "ChessBase"]
[SourceQuality "1"]

{[%evp 18,71,29,28,38,31,31,31,33,31,32,26,67,54,58,47,61,60,84,78,70,101,128,135,183,175,393,383,351,101,75,37,90,46,41,29,60,70,92,93,91,88,93,95,102,88,136,153,214,218,214,210,211,199,277,277]} 1. e4 e5 2. Nf3 Nc6 3. Bb5 a6 4. Ba4 Nf6 5. d3 b5 6. Bb3 Bc5 7. c3 d6 8. Bg5 {C77: Ruy Lopez: 3...a6 4 Ba4 Nf6, unusual lines} h6 9. Bh4 g5 (9... O-O 10. Nbd2 Be6 11. O-O Bb6 12. Re1 Bxb3 13. Nxb3 Nb8 14. d4 Nbd7 15. a4 Re8 {½-½ (67) Carlsen,M (2842)-Mamedyarov,S (2801) Biel 2018}) 10. Bg3 {LiveBook: 6 Games. White has an edge.} Bg4 11. h3 Bh5 12. Nbd2 Bg6 $146 ({Predecessor:} 12... O-O 13. Qe2 Rb8 14. Bh2 g4 15. hxg4 Bxg4 {1-0 (33) Paehtz,E (2211)-Juergens,V (2300) Chemnitz 1999}) 13. O-O O-O 14. Re1 Nh5 15. Nf1 Rb8 16. d4 exd4 17. cxd4 (17. Nxd4 Nxd4 18. cxd4 Bb6 $11) 17... Nxg3 18. Nxg3 Bb6 19. Rc1 Na5 20. Bd5 c5 21. e5 cxd4 $2 (21... c4) 22. e6 $18 Qf6 {[#]} 23. exf7+ $2 (23. Ne4 $1 $18 {[%cal Re4f6] is the precise move to win.} Bxe4 24. exf7+ Rxf7 25. Rxe4 (25. Bxf7+ Kxf7 26. Rxe4 Nc4 $18)) 23... Bxf7 $16 24. Ne4 Qf4 ({Black should try} 24... Qg6 $14 25. Bxf7+ Rxf7) 25. g3 Qf5 26. Nxd4 Bxd4 ({Not} 26... Qxh3 $2 27. Nf6+ Kg7 28. Bg2 $18) 27. Bxf7+ Rxf7 28. Qxd4 Nc4 29. Re2 Rbf8 30. Nxd6 Nxd6 31. Qxd6 Qxh3 32. Rc6 Qd7 (32... Qf5 $16) 33. Qxd7 $18 ({Don't play} 33. Rxa6 $6 Qxd6 34. Rxd6 Rf6) 33... Rxd7 34. Rxh6 Ra8 35. Ree6 a5 (35... Rd1+ {was called for.} 36. Kg2 Rd2 37. Rxa6 Rf8 38. Rag6+ Kf7) 36. Re5 {Precision: White = 77%, Black = 32%.} 1-0